Miasta w województwie lubelskim - Statystyki

Ogólne statystyki
  • Ten quiz został rozwiązany 151 razy
    30 od ostatniego zresetowania
  • Średni wynik to 41 z 54
Statystyki odpowiedzi
Populacja Miasto % Poprawnych
54 581 Biała Podlaska
96%
57 576 Chełm
96%
16 056 Hrubieszów
96%
330 447 Lublin
96%
44 171 Puławy
96%
36 806 Świdnik
96%
58 685 Zamość
96%
24 932 Biłgoraj
92%
31 500 Kraśnik
92%
17 439 Krasnystaw
92%
17 791 Łęczna
92%
19 879 Lubartów
92%
17 940 Tomaszów Lubelski
92%
11 000 Janów Lubelski
88%
10 240 Parczew
88%
9 060 Ryki
88%
12 219 Włodawa
88%
27 303 Łuków
83%
7 918 Opole Lubelskie
83%
14 361 Radzyń Podlaski
83%
1 985 Rejowiec
83%
14 217 Dęblin
79%
2 335 Józefów
79%
3 614 Nałęczów
79%
2 421 Piaski
79%
4 016 Rejowiec Fabryczny
79%
5 139 Terespol
79%
4 511 Bychawa
75%
2 898 Kock
75%
8 328 Poniatowa
75%
4 760 Szczebrzeszyn
75%
1 698 Urzędów
75%
1 339 Frampol
71%
812 Józefów nad Wisłą
71%
3 248 Kazimierz Dolny
71%
15 529 Międzyrzec Podlaski
71%
2 799 Zwierzyniec
71%
2 316 Annopol
67%
5 973 Bełżyce
67%
2 981 Krasnobród
67%
2 155 Lubycza Królewska
67%
1 414 Modliborzyce
67%
1 701 Izbica
63%
1 338 Siedliszcze
58%
2 373 Stoczek Łukowski
58%
873 Turobin
58%
1 842 Tyszowce
58%
892 Goraj
54%
1 967 Łaszczów
54%
1 972 Ostrów Lubelski
54%
2 825 Piszczac
54%
3 150 Tarnogród
50%
1 307 Czemierniki
42%
1 718 Kamionka
38%
Nie znaleziono quizów pasujących do podanych kryteriów
Rozkład punktacji
Procent ludzi z każdym wynikiem
Percentyl według liczby udzielonych odpowiedzi
Twoja historia wyników
Nie rozwiązałeś tego quizu od ostatniego zresetowania